|
|
|
|
| LEADER |
00000naa0a2200000 4500 |
| 001 |
665069 |
| 005 |
20250815112022.0 |
| 035 |
|
|
|a (RuTPU)RU\TPU\network\36268
|
| 035 |
|
|
|a RU\TPU\network\36267
|
| 090 |
|
|
|a 665069
|
| 100 |
|
|
|a 20210802d2020 k y0engy50 ba
|
| 101 |
0 |
|
|a eng
|
| 135 |
|
|
|a drcn ---uucaa
|
| 181 |
|
0 |
|a i
|
| 182 |
|
0 |
|a b
|
| 200 |
1 |
|
|a Recognition Ability of Interval Fusion with Preference Aggregation in Weld Defects Images Analysis
|f S. V. Muravyov (Murav’ev), E. Yu. Pogadaeva
|
| 203 |
|
|
|a Text
|c electronic
|
| 300 |
|
|
|a Title screen
|
| 320 |
|
|
|a [References: 15 tit.]
|
| 330 |
|
|
|a This paper describes a potential applicability of the interval fusion with preference aggregation (IF&PA) approach to the weld image segmentation as the key stage in recognizing a welding joint defective region. In the proposed method, the weld image is divided into a series of equal horizontal bands. For each band, an intensity histogram is plotted, using which the lower and upper bounds are defined for the intervals, which are expected to characterize the defect (foreground) and defect-free (background) areas. The intervals are represented by inrankings forming the foreground and background preference profiles. The Kemeny ranking algorithm is applied to the two profiles in order to determine the best representative points values (in RGB code) of the foreground and background areas. The values serve then as seed parameters of the region growing algorithm applied to distinguish defect and background regions during the segmentation. This approach was tested in segmenting a number of typical weld defect images. The experimental results showed that the proposed approach allows to accurately separate the defect-free region from the defective one.
|
| 463 |
|
|
|t Global trends in Testing, Diagnostics & Inspection for 2030
|o Proceedings 17th IMEKO TC 10 and EUROLAB Virtual Conference, Dubrovnik, October 20-22, 2020
|o 2nd Conference jointly organized by IMEKO and EUROLAB aisbl
|v [P. 271-276]
|d 2020
|
| 610 |
1 |
|
|a электронный ресурс
|
| 610 |
1 |
|
|a труды учёных ТПУ
|
| 610 |
1 |
|
|a weld
|
| 610 |
1 |
|
|a defect
|
| 610 |
1 |
|
|a segmentation
|
| 610 |
1 |
|
|a image processing
|
| 610 |
1 |
|
|a region growing
|
| 610 |
1 |
|
|a interval fusion
|
| 610 |
1 |
|
|a preference aggregation
|
| 610 |
1 |
|
|a сварка
|
| 610 |
1 |
|
|a дефекты
|
| 610 |
1 |
|
|a сегментация
|
| 610 |
1 |
|
|a обработка изображений
|
| 610 |
1 |
|
|a агрегирование предпочтений
|
| 700 |
|
1 |
|a Muravyov (Murav’ev)
|b S. V.
|c specialist in the field of control and measurement equipment
|c Professor of Tomsk Polytechnic University,Doctor of technical sciences
|f 1954-
|g Sergey Vasilyevich
|3 (RuTPU)RU\TPU\pers\31262
|9 15440
|
| 701 |
|
1 |
|a Pogadaeva
|b E. Yu.
|c специалист в области информатики и вычислительной техники
|c ассистент кафедры Томского политехнического университета
|f 1993-
|g Ekaterina Yurjevna
|3 (RuTPU)RU\TPU\pers\42881
|
| 712 |
0 |
2 |
|a Национальный исследовательский Томский политехнический университет
|b Инженерная школа информационных технологий и робототехники
|b Отделение автоматизации и робототехники
|3 (RuTPU)RU\TPU\col\23553
|
| 801 |
|
2 |
|a RU
|b 63413507
|c 20210802
|g RCR
|
| 856 |
4 |
|
|u https://www.imeko.org/publications/tc10-2020/IMEKO-TC10-2020-039.pdf
|
| 942 |
|
|
|c CF
|